000 00740nam a2200229 a 4500
001 000011587
005 20240530073912.0
008 091021s2001 dr r 000 f spa d
020 _a9993442062
040 _aDO-SdBNP
_bspa
_cBNPHU
082 _aRD863.42
_bR427c
100 1 _aRequena, Andrés,
_d1922-
_927409
245 1 0 _aCamino de fuego y cementerio sin cruces /
_cAndrés Requena.
260 _aSanto Domingo :
_bComisión Permanente dde la Feria del Libro,
_c2001.
300 _a393 p. ;
_c23 cm.
490 1 _aFerilibro
_v34
590 _aInventariado, 2019 / DG
650 0 _aNovela dominicana
_9223
650 0 _aLiteratura dominicana.
_967
830 0 _aFerilibro
_n34
_927410
910 _aValidado. Control de calidad. MMOLINA
999 _c11282
_d11282